Welcome to the Holygrace Academy Library

Please use search bar below to get started

PROBLEMS IN HEAT (Record no. 1427)

MARC details
000 -LEADER
fixed length control field 00366nam a22001577a 4500
020 ## - INTERNATIONAL STANDARD BOOK NUMBER
ISBN 81-261-0549-6
082 ## - DEWEY DECIMAL CLASSIFICATION NUMBER
Classification number 530
Item number YAD/P
100 ## - MAIN ENTRY--AUTHOR NAME
Personal name YADAV, M.S
245 ## - TITLE STATEMENT
Title PROBLEMS IN HEAT
Remainder of title PHYSICS
246 ## - VARYING FORM OF TITLE
Title proper/short title PROBLEMS IN HEAT
Remainder of title PHYSICS
260 ## - PUBLICATION, DISTRIBUTION, ETC. (IMPRINT)
Place of publication DELHI
Name of publisher ANMOL PUBLICATIONS PVT. LTD
Year of publication 2000
300 ## - PHYSICAL DESCRIPTION
Number of Pages 173
520 ## - SUMMARY, ETC.
Summary, etc PHYSICS
650 ## - SUBJECT ADDED ENTRY--TOPICAL TERM
Topical Term PHYSICS
942 ## - ADDED ENTRY ELEMENTS (KOHA)
Koha item type Books
Holdings
Withdrawn status Lost status Collection code Home library Current library Shelving location Date acquired Source of acquisition Cost, normal purchase price Full call number Accession Number Koha item type
    Reference Main Library Main Library SHELF-5C REFERENCE PHYSICS 04/03/2006 Purchase 70.00 530 YAD/P 02229 Books